| 000 | 00000nam 2200000za 4500 |
| 001 | 9.831339 |
| 003 | CaOODSP |
| 005 | 20221107145730 |
| 007 | cr ||||||||||| |
| 008 | 170126s2011 onca #o f|0| 0 eng d |
| 040 | |aCaOODSP|beng |
| 043 | |an-cn--- |
| 086 | 1 |aIu90-4/54-2011E-PDF |
| 245 | 00|aSummative evaluation of the Business and Regional Growth Program |h[electronic resource] : |bfinal report. |
| 260 | |a[Ottawa] : |bCanada Economic Development, |c2011. |
| 300 | |a66 p. : |bill. |
| 500 | |a"September 2011." |
| 500 | |aIssued also in French under title: Évaluation sommative du programme « Croissance des entreprises et des régions ». |
| 500 | |aCover title. |
| 504 | |aIncludes bibliographic references. |
| 520 | |a"The program targets small and medium-sized enterprises (SMEs) with 500 employees or less, SME groups and associations, non-profit organizations (NPOs) whose principal mission is to support businesses and economic development, and organizations and institutions such as universities and teaching establishments"--Summary, p. 3. |
| 692 | 07|2gccst|aAssessment |
| 710 | 2 |aCanada Economic Development for Quebec Regions. |
| 775 | 08|tÉvaluation sommative du programme « Croissance des entreprises et des régions » |w(CaOODSP)9.842884 |
| 856 | 40|qPDF|s1.56 MB|uhttps://publications.gc.ca/collections/collection_2017/dec-ced/Iu90-4-54-2011-eng.pdf |